000 00296pam a2200121 a 4500
020 _a81-7649-676-6
_c
041 _h
082 _a658
_bHAY
100 _aHAYNES M.E.,
245 _aPERSONAL TIME MANAGEMENT
_hTextual Documents
260 _aNEW DELHI
_bVIVA BOOKS PVT. LTD.
_c2004
930 _a12762
999 _c132189
_d132189